000 00753cam a22002653a 4500
001 23396
003 PGUSA
005 20140828083511.0
008 071107s2007||||xxu|||||s|||||000 | eng d
040 _aPGUSA
_beng
042 _adc
050 4 _aDD
100 1 _aRathenau, Walther,
_d1867-1922
245 1 3 _aAn Deutschlands Jugend
_h[electronic resource] /
_cWalther Rathenau
260 _bProject Gutenberg,
_c2007
506 _aPublic domain in the USA.
516 _aElectronic text
653 _aSpeeches, addresses, etc.
653 _aEthics
653 _aWorld War, 1914-1918
653 _aReconstruction (1914-1939) -- Germany
830 0 _aProject Gutenberg
_v23396
856 4 0 _uhttp://www.gutenberg.org/ebooks/23396
942 _cEB
999 _c252651
_d252651